Chaîne de mots - France - Statistiques

Statistiques générales
  • Ce quiz a été pris 24 546 fois
    23 219 depuis la dernière actualisation
  • Le résultat moyen est 18 sur 30
Statistiques - réponses
Définition Réponse % Correct
Autre pays frontalier, ibérique Espagne
94%
Pays frontalier aux 4 langues officielles Suisse
94%
Après le franc Euro
92%
Prénom d'un autre Président, élu en 2017 Emmanuel
86%
On y trouve la Promenade des Anglais Nice
86%
Grand couturier prénommé Christian Dior
83%
Fleuve séparant la France de l'Allemagne Rhin
82%
Marque de voiture française Renault
78%
Train français TGV
78%
Prénom des deux Empereurs Napoléon
75%
Architecte célèbre pour sa tour Eiffel
74%
Ville de la Pucelle Orléans
72%
Ré, Corse, Oléron, Mayotte,... Iles
65%
Père de la sculpture moderne au Penseur Rodin
65%
A la confluence du Rhône et de la Saône Lyon
60%
Capitale ducale de la Bretagne Nantes
60%
Ecrivaine au prénom masculin Sand
57%
Grand-duché frontalier Luxembourg
56%
Parlementaire à la chambre haute Sénateur
56%
Défenseur de l'équipe de France de football Varane
52%
Gigantesque héros de Rabelais Gargantua
48%
Plus grande île de la Polynésie française Tahiti
48%
Ville vosgienne célèbre pour ses images Épinal
44%
Nevers en est la préfecture Nièvre
44%
Sous-préfectures: Montargis, Pithiviers Loiret
32%
La Mer, Y'a d'la joie, Douce France,... Trenet
32%
Prénom du Président Loubet Emile
30%
Peintre du Bal du moulin de la Galette Renoir
30%
Actrice dans Les Visiteurs, Palais royal !,... Lemercier
29%
Président de la IVème République Auriol
17%
Aucun quiz correspondant
Distribution des résultats
% des personnes avec chaque résultat
Percentile par nombre de réponses
Votre historique - résultats
Vous n’avez pas pris ce quiz depuis la dernière actualisation